000
00291nam a22001337a 4500
008
171103b xxu||||| |||| 00| 0 eng d
020
_a
9789995648480
041
_a
alb
080
_a
33
100
_a
60
101
_a
BUS
245
_a
MARKETINGU I SHERBIMEVE
_c
BILLA,L.E
942
_2
udc
_c
BK
999
_c
37429
_d
37429